Els Ocells amics / J. M. de Sagarra
Publicado:
Barcelona :
Mancomunitat de Catalunya, Comissió d'Educació General, [s.a.] (Imp. de la Casa de Caritat)
Descripción Física:
81 p. ; 22 cm
Otros Autores:
Catalunya. Mancomunitat. Comissió d'Educació General
Materias:
Ocells
MARC
| LEADER | 00000nam a2200000Ia 4500 | ||
|---|---|---|---|
| 001 | 6153 | ||
| 008 | 160829s9999 xx 000 0 cat d | ||
| 010 | |a 45607 | ||
| 080 | |a L-1-339 | ||
| 100 | 1 | |a Sagarra, Josep M. de, |d 1894-1961 |e autor |9 56454 | |
| 245 | |a Els Ocells amics / J. M. de Sagarra | ||
| 260 | |a Barcelona : |b Mancomunitat de Catalunya, Comissió d'Educació General, [s.a.] (Imp. de la Casa de Caritat) | ||
| 300 | |a 81 p. ; |c 22 cm | ||
| 650 | |a Ocells |9 24288 | ||
| 700 | |a Catalunya. Mancomunitat. Comissió d'Educació General |9 24289 | ||
| 710 | 2 | |a Catalunya. |b Mancomunitat |9 53015 | |
| 856 | 4 | |u https://media.diba.cat/diba/fitxers/arxiu/mancomunitat/bib_6153_1921_web.pdf |y Accés lliure | |
| 856 | |u https://bibliotecageneral.diba.cat/Arxiu/bib_6153_1921_baixa.pdf | ||
| 901 | |a Arxiu | ||
| 942 | |n 1 |2 udc | ||
| 952 | |0 0 |1 0 |4 0 |6 L1339 |7 1 |9 43063 |a Arxiu |b Arxiu |d 2016-12-01 |l 0 |o L-1-339 |p 6153 |r 2016-12-01 00:00:00 |w 2016-12-01 |y ARXIU | ||
| 999 | |c 45607 |d 45607 | ||